Conspiracy against Pakistan (Record no. 71656)

000 -LEADER
fixed length control field 00633nam a22001937a 4500
003 - CONTROL NUMBER IDENTIFIER
control field NUST - PNEC
005 - DATE AND TIME OF LATEST TRANSACTION
control field 20170116181206.0
008 - FIXED-LENGTH DATA ELEMENTS--GENERAL INFORMATION
fixed length control field 161121b xxu||||| |||| 00| 0 eng d
020 ## - INTERNATIONAL STANDARD BOOK NUMBER
International Standard Book Number 9789694074160
040 ## - CATALOGING SOURCE
Transcribing agency PNEC
082 ## - DEWEY DECIMAL CLASSIFICATION NUMBER
Classification number 954.03 AZM
100 ## - MAIN ENTRY--PERSONAL NAME
9 (RLIN) 16872
Personal name Azmat Wali
245 ## - TITLE STATEMENT
Title Conspiracy against Pakistan
260 ## - PUBLICATION, DISTRIBUTION, ETC.
Place of publication, distribution, etc. Karachi, Pakistan
Name of publisher, distributor, etc. Royal Book Company
Date of publication, distribution, etc. c.2013
300 ## - PHYSICAL DESCRIPTION
Extent 256p:
Other physical details ill
Dimensions 22 cm
500 ## - GENERAL NOTE
General note https://www.amazon.com/Conspiracy-Against-Pakistan-Azmat-Wali/dp/9694074169/ref=sr_1_1?ie=UTF8&qid=1479720003&sr=8-1&keywords=Conspiracy+against+Pakistan
650 ## - SUBJECT ADDED ENTRY--TOPICAL TERM
General subdivision Politics
942 ## - ADDED ENTRY ELEMENTS (KOHA)
Source of classification or shelving scheme
Koha item type Book
Holdings
Withdrawn status Lost status Source of classification or shelving scheme Damaged status Not for loan Permanent Location Current Location Shelving location Date acquired Total Checkouts Full call number Barcode Date last seen Price effective from Koha item type
          Pakistan Navy Engineering College (PNEC) Pakistan Navy Engineering College (PNEC)   11/08/2016   954.03 AZM PNECLIB-032707 11/21/2016   Book
© 2023 Central Library, National University of Sciences and Technology. All Rights Reserved.